000 00305 a2200157 4500
001 62393
020 _a2854951204
040 _cAnchieta - Pituba
100 _aSaule, Béatrice
240 1 0 _aVersalhes
_lpor
245 1 0 _aVersalhes
300 _a95
362 0 _a2005
650 4 _aArtes
942 _cBK
999 _c62393
_d62393